000
00322nam a2200109Ia 4500
008
171211s9999 xx 000 0 und d
245
_a
Narrative and Numbers: The Value of Stories in Business
245
_c
Aswath Damodaran
260
_c
2017
650
_x
ECONOMICS
856
_u
http://down.ebook777.com/062/0231180489.pdf
999
_c
349591
_d
349591